| 000 | 01018cam a22003137i 4500 | ||
|---|---|---|---|
| 999 |
_c330838 _d330838 |
||
| 001 | 17756512 | ||
| 003 | NUST | ||
| 005 | 20170816100920.0 | ||
| 008 | 130530s2000 pk 000 0 pan | ||
| 010 | _a 2013344623 | ||
| 020 | _a9789693511437 | ||
| 020 | _a9693511433 | ||
| 025 | _aP-Pan-2013344623 | ||
| 037 | _bLibrary of Congress -- Islamabad Overseas Office | ||
| 040 |
_aDLC _beng _cDLC _erda |
||
| 042 | _alcode | ||
| 082 |
_a891.421 _bHAS |
||
| 245 | 0 | 0 |
_aSohnī Mahīnvāl, Sassī Punnūn̲, devṛhe, dohṛe / _cmurattib, Faqīr Muḥammad Faqīr. |
| 264 | 1 |
_aLāhore : _bSang-i Mīl Pablīkeshanz, _c2000. |
|
| 300 |
_a106 pages ; _c25 cm |
||
| 336 |
_atext _2rdacontent |
||
| 337 |
_aunmediated _2rdamedia |
||
| 338 |
_avolume _2rdacarrier |
||
| 500 | _aPoems. | ||
| 546 |
_aIn Panjab _b(Arabic script). |
||
| 650 |
_aPunjabi Literature _9992 |
||
| 700 | 1 |
_aFaqīr, Faqīr Muḥammad, _d1900-1974. _93912 |
|
| 880 |
_6100-01\(3\r _aسید ہاشم شاہ |
||
| 880 |
_6245-02\(3\r _aسوہنی مہینوال سسی پنوں ڈیوڑھے، دوہڑے _cسید ہاشم شاہ، مرتب: ڈاکٹر فقیر محمد فقیر |
||
| 880 |
_6260-03\(3\r _aلاہور: _bسنگ میل پبلی کیشنز، _c2000 |
||
| 906 |
_a0 _bcbc _corigode _d4 _encip _f20 _gy-nonroman |
||
| 942 |
_2ddc _cBK |
||